000 01513nam2a2200325 4500
001 RU\NLR\BIBL_A\012075154
005 20250806211402.0
035 _a(NLR Aleph) 012075154
090 _a62942
_c62942
100 _a20250806 rusy50
101 0 _arus
102 _aRU
135 _acrcn 024anaba
200 0 _a1941, № 1 (5 янв.)
210 _d1941
325 1 _aКопия доступна в электронной библиотеке РНБ
461 0 _1001RU\NLR\BIBL_A\012058547
_12001#$aЧетвертая декада советской музыки и эстрады$eоднодневная газета Управления по делам искусств Ленгорисполкома$v1941, № 1 (5 янв.)
852 _aNLR
_jОдн1941/18
856 0 _uhttp://vivaldi.nlr.ru/pn000223379/view
856 1 _uhttp://vivaldi.nlr.ru/pn000223379/cover
856 2 _uhttp://vivaldi.nlr.ru/pn000223379/text
901 _eГазеты
942 _cISSNP
945 _aРоссийская национальная библиотека
980 _aNB
980 _aBV
981 3 7 _a(37) Ленинград в Великой Отечественной войне
_b(37) Газеты блокадного Ленинграда
981 2 7 _a(27) Периодические издания
_b(27) Газеты